LEADER 00828naa a2200205 u 4500 001 000000096898 003 CaOOAMICUS 005 20070226130148.0 008 050215s1970 it u000 u ita u 035 $a11027854 040 $aIAR$bita 100 1 $aAles Bello, Angela,$d1939-$0(OLS)http://pul/name/22845 245 10$aNeutralizzazione e filosofia nella fenomenologia di Husserl /$cAngela Ales Bello. 260 $aParma :$bStudium Parmense,$c1970. 300 $aS. 169-196 ;$c25 cm 773 0 $aAporie della filosofia contemporanea. 773 0 $tQuaderni di Filosofia (Studium Parmense)$g4 773 0 $tAporie della filosofia contemporanea$w()58414 996 $6245$aNeutralizzazione e filosofia nella fenomenologia di Husserl$9(OLS)http://pul/title/123780 996 $6260$aParma :$bStudium Parmense$9(OLS)http://pul/publisher/69637 LEADER 01228nam a2200289 a 4500 001 000000170353 003 CaOOAMICUS 005 20181107144704.0 008 181107s2001 it u000 u ita r 020 $a88-8358-180-6* 032 $aLibriCat 040 $aPUL$bita 100 1 $aBaldini, Massimo,$d1947-2008.$0(OLS)http://pul/name/5596 245 13$aIl liberalismo, Dio e il mercato : $bRosmini, Bastiat, Torqueville, Sturzo, Mises, Hayek, Ropke, Popper / $cMassimo Baldini. 260 $aRoma :$bArmando,$cİ2001. 300 $a144 p. ;$c22 cm. 490 1 $aTemi del nostro tempo 504 $aContiene riferimenti bibliografici. 650 04$aLiberalismo (Economia).$0(OLS)http://pul/subject/22776 830 0$aTemi del nostro tempo.$0(OLS)http://pul/title/71757 850 $aPUL 852 $aPUL$W1$xDP1 Fondo De Girolamo$y124$m1 A 34$j41522$qFondi$B198631$CPULBib$Z2$F198631 $81 941 1 $a1 996 $6020$a88-8358-180-6*$9(OLS)http://pul/number/165217 996 $6245$aIl liberalismo, Dio e il mercato : $bRosmini, Bastiat, Torqueville, Sturzo, Mises, Hayek, Ropke, Popper / $9(OLS)http://pul/title/211106 996 $6260$aRoma :$bArmando$9(OLS)http://pul/publisher/55055